| 000 | 00764nam a2200205Ia 4500 | ||
|---|---|---|---|
| 999 |
_c41052 _d41052 |
||
| 001 | 7701 | ||
| 003 | GE_BSU | ||
| 005 | 20240123165427.0 | ||
| 008 | 181216s2012||||ge |||||||||||||| ||geo|| | ||
| 010 | _a9941928468 | ||
| 040 | _cGE_BSU | ||
| 041 | _ageo | ||
| 080 | _a091(=353.1)(560) ტ–26 | ||
| 245 |
_aტაო–კლარჯეტი : _bხელნაწერი მემკვიდრეობა კატალოგი / _cრედ. ბუბა კუდავა. |
||
| 264 |
_aთბილისი-ბათუმი : _b[?], _c2012. |
||
| 300 |
_a84 გვ. : _bილ. ; _c20 სმ. |
||
| 653 | _aტაო–კლარჯეტი | ||
| 700 |
_aკუდავა, ბუბა _eრედაქტორი _93540 |
||
| 942 |
_cBK _2udc |
||